00379pab a2200145 454500008004000000100002200040245006600062260000900128300001100137362000900148650002200157700001900179700001700198773001800215180718b1987 xxu||||| |||| 00| 0 eng d aSirmans, G. Stacy aCreative financing, house prices, and property tax inequities c1987 a409-15 aOct. aHousing - Finance aStanleyd Smith aC.F. Sirmans aUrban Studies